[Event "Pfaeffikon op"]
[Site "Pfaeffikon"]
[Date "2025.05.29"]
[Round "2"]
[White "Kamber, Bruno"]
[Black "Agushi, Agim"]
[Result "1-0"]
[WhiteElo "2218"]
[BlackElo "2021"]
[PlyCount "82"]
[EventDate "2025.05.29"]
[EventType "swiss"]
[EventRounds "7"]
[EventCountry "SUI"]
[SourceTitle "CB23_2025"]
[SourceDate "2025.06.04"]
[SourceVersion "1"]
[SourceVersionDate "2025.06.04"]
[SourceQuality "1"]

1. e4 c5 2. Nc3 Nc6 3. Bb5 Nd4 4. Nf3 a6 5. Bd3 g6 6. 0-0 Bg7 7. Re1 d6 8. Nxd4 cxd4 9. Ne2 e5 10. c3 Ne7 11. cxd4 exd4 12. Bc4 0-0 13. Nf4 b5 14. Bb3 Bb7 15. d3 Rc8 16. Bd2 Qd7 17. a4 Bc6 18. a5 Bb7 19. Qf3 Kh8 20. h4 Rc5 21. h5 g5 22. h6 Bxh6 23. Nd5 Bxd5 24. exd5 f6 25. Qe4 Nf5 26. Bd1 Nh4 27. Bb4 Rcc8 28. Qe6 Rcd8 29. Bg4 Qxe6 30. dxe6 f5 31. Bh5 Rfe8 32. e7 Ra8 33. Bxe8 Rxe8 34. Re6 Ng6 35. Rxd6 Kg8 36. Rd8 Kf7 37. Rxe8 Kxe8 38. Rc1 Nxe7 39. Re1 Bf8 40. Bxe7 Bxe7 41. Re6 b4 1-0

[Event "EU-ch 17th"]
[Site "Gjakova"]
[Date "2016.05.12"]
[Round "1"]
[White "Kravtsiv, Martyn"]
[Black "Agushi, Agim"]
[Result "1-0"]
[WhiteElo "2641"]
[BlackElo "2135"]
[PlyCount "75"]
[EventDate "2016.05.12"]
[EventType "swiss"]
[EventRounds "11"]
[EventCountry "KOS"]
[SourceTitle "CBM 173"]
[Source "ChessBase"]
[SourceDate "2016.07.12"]
[SourceVersion "1"]
[SourceVersionDate "2016.07.12"]
[SourceQuality "1"]

1. e4 e5 2. Nf3 Nc6 3. Bc4 Be7 4. d4 d6 5. d5 Nb8 6. Bd3 Nf6 7. c4 Nbd7 8. Nc3 0-0 9. 0-0 Ne8 10. Rb1 c5 11. dxc6 bxc6 12. b4 Nb6 13. Be3 Be6 14. Qe2 Qc7 15. Rfc1 Bg4 16. h3 Bc8 17. a4 Nf6 18. b5 c5 19. a5 Nbd7 20. Ra1 Rb8 21. Nd2 Re8 22. Nd5 Qd8 23. a6 Nxd5 24. cxd5 Nb6 25. Nb3 Bd7 26. Na5 Bf8 27. Nc6 Bxc6 28. bxc6 Kh8 29. Rab1 f5 30. exf5 e4 31. Bc4 Re5 32. Bf4 Rxf5 33. Qxe4 Qf6 34. Bg3 Rc8 35. Rxb6 axb6 36. a7 Ra8 37. c7 Qg5 38. Ra1 1-0

[Event "Winterthur op"]
[Site "Winterthur"]
[Date "2008.10.09"]
[Round "7"]
[White "Agushi, Agim"]
[Black "Kelecevic, Nedeljko"]
[Result "1-0"]
[WhiteElo "2118"]
[BlackElo "2364"]
[PlyCount "77"]
[EventDate "2008.10.03"]
[EventType "swiss"]
[EventRounds "9"]
[EventCountry "SUI"]
[SourceTitle "CBM 126 Extra"]
[Source "ChessBase"]
[SourceDate "2008.11.05"]
[SourceVersion "1"]
[SourceVersionDate "2008.11.05"]
[SourceQuality "1"]

1. e4 c5 2. Nf3 Nc6 3. Nc3 e6 4. g3 d6 5. Bg2 Nf6 6. 0-0 Be7 7. d4 cxd4 8. Nxd4 Bd7 9. Ndb5 Qb8 10. Bg5 a6 11. Bxf6 gxf6 12. Nd4 Qc7 13. Nxc6 Bxc6 14. Qh5 Qb6 15. Rab1 Qc5 16. Qf3 0-0 17. Qd3 b5 18. a3 Rfd8 19. Rfd1 Rac8 20. Rd2 Bf8 21. Kh1 Bg7 22. Ne2 d5 23. Rbd1 Qb6 24. Nc3 d4 25. Ne2 Qb7 26. g4 Rd7 27. Ng3 Kf8 28. Nh5 Bh8 29. Qf3 Ke7 30. Re1 b4 31. Qg3 Rg8 32. Qh4 bxa3 33. bxa3 Rdd8 34. Rd3 e5 35. Rf3 Rg6 36. Ng3 Kd7 37. Qxh7 Kd6 38. Rb3 Qa8 39. Qxf7 1-0

[Event "Winterthur op"]
[Site "Winterthur"]
[Date "2008.10.03"]
[Round "1"]
[White "Agushi, Agim"]
[Black "Gallagher, Joseph G"]
[Result "0-1"]
[WhiteElo "2118"]
[BlackElo "2483"]
[PlyCount "64"]
[EventDate "2008.10.03"]
[EventType "swiss"]
[EventRounds "9"]
[EventCountry "SUI"]
[SourceTitle "CBM 126 Extra"]
[Source "ChessBase"]
[SourceDate "2008.11.05"]
[SourceVersion "1"]
[SourceVersionDate "2008.11.05"]
[SourceQuality "1"]

1. e4 c5 2. Nf3 d6 3. d4 cxd4 4. Nxd4 Nf6 5. Nc3 a6 6. Bc4 e6 7. 0-0 b5 8. Bd3 Be7 9. a4 b4 10. Na2 Bb7 11. Qe2 0-0 12. Bd2 Qb6 13. Be3 Qc7 14. Bd2 d5 15. exd5 Nxd5 16. Nxe6 fxe6 17. Qxe6+ Kh8 18. Qh3 Nf6 19. Rae1 Bd6 20. Bg5 Nbd7 21. Bf5 Ne5 22. Nxb4 g6 23. Qh4 Nh5 24. Be6 Rae8 25. Bb3 Qc5 26. c3 a5 27. Be3 Qc8 28. Nd5 Ng7 29. Bg5 h5 30. Nf6 Qf5 31. Nxe8 Nf3+ 32. gxf3 Qxf3 0-1

[Event "Winterthur op"]
[Site "Winterthur"]
[Date "2006.10.07"]
[Round "2"]
[White "Filipovic, Branko"]
[Black "Agushi, Agim"]
[Result "1-0"]
[WhiteElo "2400"]
[BlackElo "2137"]
[PlyCount "39"]
[EventDate "2006.10.06"]
[EventType "swiss"]
[EventRounds "9"]
[EventCountry "SUI"]
[SourceTitle "EXT 2007"]
[Source "ChessBase"]
[SourceDate "2006.11.23"]
[SourceVersion "1"]
[SourceVersionDate "2006.11.23"]
[SourceQuality "1"]

1. e4 e5 2. Nf3 Nc6 3. Bb5 a6 4. Bxc6 dxc6 5. 0-0 Qd6 6. Na3 Be6 7. Qe2 f6 8. Nc4 Qd7 9. Rd1 c5 10. c3 Qc6 11. b3 b5 12. d4 cxd4 13. cxd4 Rd8 14. d5 Qd7 15. Ncxe5 fxe5 16. Nxe5 Qd6 17. Bb2 Bc8 18. Qh5+ g6 19. Qf3 Qf6 20. Nd3 1-0

[Event "Basel Hilton op 08th"]
[Site "Basel"]
[Date "2006.01.06"]
[Round "6"]
[White "Nuri, Kambez"]
[Black "Agushi, Agim"]
[Result "1-0"]
[WhiteElo "2116"]
[BlackElo "2131"]
[PlyCount "83"]
[EventDate "2006.01.01"]
[EventType "swiss"]
[EventRounds "7"]
[EventCountry "SUI"]
[SourceTitle "CBM 110 Extra"]
[Source "ChessBase"]
[SourceDate "2006.03.10"]
[SourceVersion "2"]
[SourceVersionDate "2006.03.10"]
[SourceQuality "1"]

1. e4 e6 2. d4 d5 3. Nc3 Bb4 4. e5 c5 5. a3 Bxc3+ 6. bxc3 Ne7 7. Qg4 Qa5 8. Bd2 Qa4 9. Qxg7 Rg8 10. Qxh7 cxd4 11. Ne2 Nbc6 12. f4 Bd7 13. Qd3 Nf5 14. g4 Rxg4 15. Bh3 Rg6 16. Bxf5 exf5 17. cxd4 Ne7 18. Nc3 Qc6 19. Rb1 a6 20. Rb3 Rc8 21. Kf2 Be6 22. Rhb1 Bd7 23. Rxb7 Rh6 24. h3 Qg6 25. Rb8 Qh7 26. Kg2 f6 27. Rxc8+ Bxc8 28. Rb8 Kf7 29. Kh2 Be6 30. Na4 fxe5 31. dxe5 d4 32. Nb6 Qg6 33. Qf3 Ba2 34. Rb7 Ke8 35. Bb4 Nc6 36. Nd5 Nxb4 37. Nf6+ Qxf6 38. exf6 Nd5 39. f7+ Kf8 40. Qg3 Nf6 41. Qg5 Ng4+ 42. Kg3 1-0

[Event "Lugano op"]
[Site "Lugano"]
[Date "2005.11.20"]
[Round "5"]
[White "Agushi, Agim"]
[Black "Weindl, Alfred"]
[Result "0-1"]
[WhiteElo "2123"]
[BlackElo "2352"]
[PlyCount "66"]
[EventDate "2005.11.18"]
[EventType "swiss"]
[EventRounds "6"]
[EventCountry "SUI"]
[SourceTitle "CBM 109 Extra"]
[Source "ChessBase"]
[SourceDate "2006.01.03"]
[SourceVersion "2"]
[SourceVersionDate "2006.01.03"]
[SourceQuality "1"]

1. e4 c5 2. Nf3 Nc6 3. d4 cxd4 4. Nxd4 Nf6 5. Nc3 d6 6. Be2 e6 7. Be3 Be7 8. Qd2 0-0 9. f4 a6 10. g4 Nxd4 11. Qxd4 e5 12. fxe5 dxe5 13. Qxd8 Rxd8 14. g5 Ng4 15. Bxg4 Bxg4 16. Nd5 Bf8 17. Nb6 Rab8 18. Kf2 Rd6 19. Rhg1 Bh5 20. a4 Rbd8 21. Nd5 Rc6 22. c3 Rc4 23. Bb6 Rd6 24. Ke3 Bg6 25. Rg4 Rxd5 26. exd5 Rxg4 27. b3 f5 28. gxf6 gxf6 29. c4 Be4 30. Rf1 Kf7 31. h3 Bh6+ 32. Ke2 Rg2+ 33. Bf2 Bf4 0-1

[Event "Lugano op"]
[Site "Lugano"]
[Date "2005.11.19"]
[Round "3"]
[White "Johansson, Anders"]
[Black "Agushi, Agim"]
[Result "0-1"]
[WhiteElo "2082"]
[BlackElo "2123"]
[PlyCount "111"]
[EventDate "2005.11.18"]
[EventType "swiss"]
[EventRounds "6"]
[EventCountry "SUI"]
[SourceTitle "CBM 109 Extra"]
[Source "ChessBase"]
[SourceDate "2006.01.03"]
[SourceVersion "2"]
[SourceVersionDate "2006.01.03"]
[SourceQuality "1"]

1. e4 e5 2. Nf3 Nc6 3. Bb5 a6 4. Ba4 Nf6 5. 0-0 Be7 6. Re1 b5 7. Bb3 0-0 8. h3 d6 9. c3 Na5 10. Bc2 c5 11. d4 Qc7 12. b3 cxd4 13. cxd4 Nc6 14. a3 exd4 15. Bb2 Be6 16. Nxd4 Nxd4 17. Bxd4 Rac8 18. Nc3 Nd7 19. Rc1 Qa5 20. Nd5 Bxd5 21. exd5 Bf6 22. Qd3 Rxc2 23. Qxc2 Bxd4 24. Qc6 Nf6 25. Qxd6 Rd8 26. Qf4 Bb2 27. Rcd1 Bxa3 28. Re2 Bd6 29. Qd4 h6 30. Rc2 Qa3 31. Qb6 Rd7 32. Rc8+ Kh7 33. Qe3 Qb4 34. Rd4 Qa3 35. Qd3+ g6 36. Qf3 Qa1+ 37. Rd1 Qe5 38. g3 Kg7 39. Kg2 Be7 40. Rc6 a5 41. Rb6 Nxd5 42. Rc6 Rd8 43. Rc2 Nb4 44. Re2 Qf6 45. Rde1 Qxf3+ 46. Kxf3 Bf6 47. Re8 Rd5 48. Ra8 Bd4 49. Kg2 Rf5 50. Re2 Nc6 51. Ra6 Rc5 52. Rd2 Bc3 53. Rd6 Nd4 54. Ra7 Nxb3 55. Rdd7 Rf5 56. Rd3 0-1

[Event "Zuerich op-A 27th"]
[Site "Zuerich"]
[Date "2003.??.??"]
[Round "3"]
[White "Agushi, Agim"]
[Black "Kolly, Jacques"]
[Result "0-1"]
[WhiteElo "2139"]
[BlackElo "2231"]
[PlyCount "72"]
[EventDate "2003.12.26"]
[EventType "swiss"]
[EventRounds "7"]
[EventCountry "SUI"]
[SourceTitle "CBM 097 Extra"]
[Source "ChessBase"]
[SourceDate "2004.01.13"]
[SourceVersion "1"]
[SourceVersionDate "2004.01.13"]
[SourceQuality "1"]

1. e4 e6 2. d4 d5 3. Nd2 Nf6 4. e5 Nfd7 5. Bd3 c5 6. c3 Nc6 7. Ne2 cxd4 8. cxd4 f6 9. exf6 Qxf6 10. Nf3 h6 11. 0-0 Bd6 12. Bd2 0-0 13. Qb3 Qf7 14. Bc3 Nf6 15. Ng3 Nh5 16. Rae1 Nf4 17. Be2 b6 18. Qa4 Bb7 19. Ne5 Bxe5 20. dxe5 Nxe2+ 21. Nxe2 Rac8 22. f4 Rfd8 23. Rd1 a5 24. Qb5 d4 25. Bxd4 Qg6 26. g3 Nxd4 27. Rxd4 Rxd4 28. Nxd4 Qe4 29. Nf3 Qe3+ 30. Kg2 Rc2+ 31. Kh3 Bxf3 32. Qe8+ Kh7 33. Qxe6 Bg2+ 34. Kh4 Be4 35. h3 Rc6 36. Qd7 Rg6 0-1

[Event "Zuerich op-A 27th"]
[Site "Zuerich"]
[Date "2003.??.??"]
[Round "1"]
[White "Agushi, Agim"]
[Black "Kveinys, Aloyzas"]
[Result "0-1"]
[WhiteElo "2023"]
[BlackElo "2495"]
[PlyCount "59"]
[EventDate "2003.12.26"]
[EventType "swiss"]
[EventRounds "7"]
[EventCountry "SUI"]
[SourceTitle "CBM 097 Extra"]
[Source "ChessBase"]
[SourceDate "2004.01.13"]
[SourceVersion "1"]
[SourceVersionDate "2004.01.13"]
[SourceQuality "1"]

1. e4 c5 2. Nf3 e6 3. d4 cxd4 4. Nxd4 a6 5. c4 Nf6 6. Nc3 Qc7 7. Be2 b6 8. 0-0 Bb7 9. f3 Be7 10. Be3 0-0 11. Kh1 d6 12. Rc1 Nbd7 13. Qd2 Rac8 14. Rfd1 Qb8 15. b3 Rfe8 16. Bf2 Bd8 17. Nc2 Bc7 18. Bg3 Ne5 19. f4 Ng6 20. Bf3 Qa8 21. Qe3 b5 22. cxb5 axb5 23. e5 dxe5 24. fxe5 Bxf3 25. gxf3 Bxe5 26. Nxb5 Bb2 27. a4 Bxc1 28. Rxc1 Nd5 29. Qe1 Red8 30. Nca3 0-1